<?xml version="1.0" encoding="UTF-8"?>
<record
    xmlns:xsi="http://www.w3.org/2001/XMLSchema-instance"
    xsi:schemaLocation="http://www.loc.gov/MARC21/slim http://www.loc.gov/standards/marcxml/schema/MARC21slim.xsd"
    xmlns="http://www.loc.gov/MARC21/slim">

  <leader>03265cam a2200361 i 4500</leader>
  <controlfield tag="003">SA-RiAUC</controlfield>
  <controlfield tag="005">20251014070422.0</controlfield>
  <controlfield tag="008">251003s2001    ly     g     i000 0cara c</controlfield>
  <datafield tag="024" ind1="0" ind2=" ">
    <subfield code="a">00000000973190</subfield>
  </datafield>
  <datafield tag="040" ind1=" " ind2=" ">
    <subfield code="a">EG-CaDAJ</subfield>
    <subfield code="b">ara</subfield>
    <subfield code="c">SA-RiAUC</subfield>
    <subfield code="d">AE-DuMBRL</subfield>
    <subfield code="e">rda</subfield>
  </datafield>
  <datafield tag="043" ind1=" " ind2=" ">
    <subfield code="a">f-ml---</subfield>
  </datafield>
  <datafield tag="050" ind1=" " ind2="4">
    <subfield code="b">A73 2001</subfield>
  </datafield>
  <datafield tag="082" ind1="0" ind2="4">
    <subfield code="a">920.06623</subfield>
    <subfield code="q">SA-RiAUC</subfield>
  </datafield>
  <datafield tag="090" ind1=" " ind2=" ">
    <subfield code="a">920.06623</subfield>
    <subfield code="b">&#x627; &#x631; &#x648;</subfield>
  </datafield>
  <datafield tag="100" ind1="1" ind2=" ">
    <subfield code="a">&#x627;&#x644;&#x623;&#x631;&#x648;&#x627;&#x646;&#x64A;&#x60C; &#x623;&#x62D;&#x645;&#x62F; &#x628;&#x627;&#x628;&#x64A;&#x631;&#x60C;</subfield>
    <subfield code="d">&#x62A;&#x648;&#x641;&#x649; 1997</subfield>
    <subfield code="e">&#x645;&#x624;&#x644;&#x641;.</subfield>
  </datafield>
  <datafield tag="245" ind1="1" ind2="2">
    <subfield code="a">&#x627;&#x644;&#x633;&#x639;&#x627;&#x62F;&#x629; &#x627;&#x644;&#x623;&#x628;&#x62F;&#x64A;&#x629; &#x641;&#x64A; &#x627;&#x644;&#x62A;&#x639;&#x631;&#x64A;&#x641; &#x628;&#x639;&#x644;&#x645;&#x627;&#x621; &#x62A;&#x646;&#x628;&#x643;&#x62A; &#x627;&#x644;&#x628;&#x647;&#x64A;&#x629; /</subfield>
    <subfield code="c">&#x645;&#x648;&#x644;&#x627;&#x64A; &#x623;&#x62D;&#x645;&#x62F; &#x628;&#x627;&#x628;&#x64A;&#x631; &#x627;&#x644;&#x623;&#x631;&#x648;&#x627;&#x646;&#x64A; &#x61B; &#x62F;&#x631;&#x627;&#x633;&#x629; &#x648;&#x62A;&#x62D;&#x642;&#x64A;&#x642; &#x62F;. &#x627;&#x644;&#x647;&#x627;&#x62F;&#x64A; &#x627;&#x644;&#x645;&#x628;&#x631;&#x648;&#x643; &#x627;&#x644;&#x62F;&#x627;&#x644;&#x64A; &#x61B; &#x62A;&#x642;&#x62F;&#x64A;&#x645; &#x62F;. &#x639;&#x628;&#x62F; &#x627;&#x644;&#x62D;&#x645;&#x64A;&#x62F; &#x639;&#x628;&#x62F; &#x627;&#x644;&#x644;&#x647; &#x627;&#x644;&#x647;&#x631;&#x627;&#x645;&#x629;.</subfield>
  </datafield>
  <datafield tag="250" ind1=" " ind2=" ">
    <subfield code="a">&#x627;&#x644;&#x637;&#x628;&#x639;&#x629; &#x627;&#x644;&#x623;&#x648;&#x644;&#x649;.</subfield>
  </datafield>
  <datafield tag="264" ind1=" " ind2="1">
    <subfield code="a">&#x628;&#x646;&#x63A;&#x627;&#x632;&#x64A;&#x60C; &#x644;&#x64A;&#x628;&#x64A;&#x627; :</subfield>
    <subfield code="b">&#x62C;&#x645;&#x639;&#x64A;&#x629; &#x627;&#x644;&#x62F;&#x639;&#x648;&#x629; &#x627;&#x644;&#x625;&#x633;&#x644;&#x627;&#x645;&#x64A;&#x629; &#x627;&#x644;&#x639;&#x627;&#x644;&#x645;&#x64A;&#x629;&#x60C;</subfield>
    <subfield code="c">2001.</subfield>
  </datafield>
  <datafield tag="300" ind1=" " ind2=" ">
    <subfield code="a">205 &#x635;&#x641;&#x62D;&#x629; &#x61B;</subfield>
    <subfield code="c">24 &#x633;&#x645;</subfield>
  </datafield>
  <datafield tag="336" ind1=" " ind2=" ">
    <subfield code="a">&#x646;&#x635;</subfield>
    <subfield code="b">txt</subfield>
    <subfield code="2">rdacontent</subfield>
    <subfield code="3">&#x643;&#x62A;&#x627;&#x628;</subfield>
  </datafield>
  <datafield tag="337" ind1=" " ind2=" ">
    <subfield code="a">&#x628;&#x62F;&#x648;&#x646; &#x648;&#x633;&#x64A;&#x637;</subfield>
    <subfield code="b">n</subfield>
    <subfield code="2">rdamedia</subfield>
  </datafield>
  <datafield tag="338" ind1=" " ind2=" ">
    <subfield code="a">&#x645;&#x62C;&#x644;&#x62F;</subfield>
    <subfield code="b">nc</subfield>
    <subfield code="2">rdacarrier</subfield>
  </datafield>
  <datafield tag="520" ind1=" " ind2=" ">
    <subfield code="a">&#x64A;&#x62A;&#x646;&#x627;&#x648;&#x644; &#x643;&#x62A;&#x627;&#x628; (&#x627;&#x644;&#x633;&#x639;&#x627;&#x62F;&#x629; &#x627;&#x644;&#x623;&#x628;&#x62F;&#x64A;&#x629; &#x641;&#x64A; &#x627;&#x644;&#x62A;&#x639;&#x631;&#x64A;&#x641; &#x628;&#x639;&#x644;&#x645;&#x627;&#x621; &#x62A;&#x646;&#x628;&#x643;&#x62A; &#x627;&#x644;&#x628;&#x647;&#x64A;&#x629;) &#x648;&#x627;&#x644;&#x630;&#x64A; &#x642;&#x627;&#x645; &#x628;&#x62A;&#x623;&#x644;&#x64A;&#x641;&#x647; &#x645;&#x648;&#x644;&#x627;&#x64A; &#x623;&#x62D;&#x645;&#x62F; &#x628;&#x627;&#x628;&#x64A;&#x631; &#x627;&#x644;&#x623;&#x631;&#x648;&#x627;&#x646;&#x64A;&#x60C; &#x645;&#x648;&#x636;&#x648;&#x639; (&#x62A;&#x646;&#x628;&#x643;&#x62A;) &#x627;&#x644;&#x643;&#x62A;&#x627;&#x628; &#x644;&#x645;&#x62E;&#x637;&#x648;&#x637;&#x629; &#x62A;&#x62A;&#x646;&#x627;&#x648;&#x644; &#x62D;&#x634;&#x62F;&#x627; &#x645;&#x646; &#x627;&#x644;&#x645;&#x633;&#x627;&#x626;&#x644; &#x627;&#x644;&#x645;&#x647;&#x645;&#x629;&#x60C; &#x630;&#x627;&#x62A; &#x627;&#x644;&#x635;&#x644;&#x629; &#x627;&#x644;&#x645;&#x628;&#x627;&#x634;&#x631;&#x629; &#x628;&#x623;&#x645;&#x648;&#x631; &#x627;&#x644;&#x62F;&#x64A;&#x646; &#x648;&#x627;&#x644;&#x62F;&#x646;&#x64A;&#x627;&#x60C; &#x648;&#x639;&#x644;&#x649; &#x631;&#x623;&#x633;&#x647;&#x627; &#x641;&#x648;&#x627;&#x626;&#x62F; &#x627;&#x644;&#x62A;&#x627;&#x631;&#x64A;&#x62E; &#x627;&#x644;&#x62F;&#x646;&#x64A;&#x648;&#x64A;&#x629; &#x648;&#x627;&#x644;&#x623;&#x62E;&#x631;&#x648;&#x64A;&#x629;&#x60C; &#x645;&#x646; &#x62E;&#x644;&#x627;&#x644; &#x627;&#x644;&#x62A;&#x639;&#x631;&#x64A;&#x641; &#x628;&#x62A;&#x646;&#x628;&#x643;&#x62A; &#x623;&#x628;&#x631;&#x632; &#x627;&#x644;&#x645;&#x631;&#x627;&#x643;&#x632; &#x627;&#x644;&#x62D;&#x636;&#x627;&#x631;&#x64A;&#x629; &#x627;&#x644;&#x639;&#x631;&#x628;&#x64A;&#x629; &#x627;&#x644;&#x625;&#x641;&#x631;&#x64A;&#x642;&#x64A;&#x629;&#x60C; &#x627;&#x644;&#x62A;&#x64A; &#x627;&#x644;&#x62A;&#x642;&#x62A; &#x641;&#x64A;&#x647;&#x627; &#x62A;&#x64A;&#x627;&#x631;&#x627;&#x62A; &#x627;&#x644;&#x62A;&#x62D;&#x636;&#x631; &#x648;&#x627;&#x644;&#x641;&#x643;&#x631;&#x60C; &#x648;&#x62A;&#x635;&#x627;&#x647;&#x631;&#x62A; &#x641;&#x648;&#x642; &#x623;&#x631;&#x636;&#x647;&#x627; &#x62B;&#x642;&#x627;&#x641;&#x627;&#x62A; &#x627;&#x644;&#x645;&#x63A;&#x627;&#x631;&#x628;&#x629; &#x648;&#x627;&#x644;&#x62C;&#x646;&#x648;&#x628;&#x64A;&#x646; &#x645;&#x646; &#x633;&#x643;&#x627;&#x646; &#x625;&#x641;&#x631;&#x64A;&#x642;&#x64A;&#x627;&#x60C; &#x648;&#x627;&#x62D;&#x62A;&#x648;&#x62A; &#x641;&#x64A; &#x623;&#x645;&#x635;&#x627;&#x631;&#x647;&#x627; &#x646;&#x641;&#x627;&#x626;&#x633; &#x627;&#x644;&#x62A;&#x631;&#x627;&#x62B; &#x627;&#x644;&#x625;&#x641;&#x631;&#x64A;&#x642;&#x64A;&#x60C; &#x648;&#x630;&#x62E;&#x627;&#x626;&#x631;&#x647; &#x627;&#x644;&#x646;&#x627;&#x62F;&#x631;&#x629; &#x645;&#x646; &#x648;&#x62B;&#x627;&#x626;&#x642; &#x648;&#x645;&#x62E;&#x637;&#x648;&#x637;&#x627;&#x62A; &#x62A;&#x639;&#x62F; &#x628;&#x627;&#x644;&#x622;&#x644;&#x627;&#x641; &#x641;&#x64A; &#x634;&#x62A;&#x649; &#x641;&#x646;&#x648;&#x646; &#x627;&#x644;&#x639;&#x644;&#x645; &#x648;&#x627;&#x644;&#x645;&#x639;&#x631;&#x641;&#x629;&#x60C; &#x648;&#x627;&#x644;&#x643;&#x62A;&#x627;&#x628; &#x64A;&#x642;&#x62F;&#x645; &#x648;&#x635;&#x641; &#x644;&#x62A;&#x646;&#x628;&#x643;&#x62A; &#x648;&#x641;&#x636;&#x644;&#x647;&#x627;&#x60C; &#x648;&#x623;&#x648;&#x644; &#x645;&#x646; &#x633;&#x643;&#x646;&#x647;&#x627;&#x60C; &#x648;&#x627;&#x644;&#x62A;&#x639;&#x631;&#x64A;&#x641; &#x628;&#x627;&#x644;&#x637;&#x648;&#x627;&#x631;&#x642;&#x60C; &#x648;&#x628;&#x645;&#x627;&#x644;&#x64A;&#x60C; &#x648;&#x627;&#x644;&#x645;&#x644;&#x643; &#x633;&#x646;&#x64A; &#x639;&#x644;&#x64A;&#x60C; &#x648;&#x622;&#x633;&#x643;&#x64A;&#x627; &#x627;&#x644;&#x62D;&#x627;&#x62C; &#x645;&#x62D;&#x645;&#x62F;&#x60C; &#x648;&#x630;&#x643;&#x631; &#x645;&#x633;&#x627;&#x62C;&#x62F;&#x647;&#x627; &#x648;&#x627;&#x644;&#x62A;&#x646;&#x648;&#x64A;&#x647; &#x628;&#x639;&#x644;&#x645;&#x627;&#x626;&#x647;&#x627;&#x60C; &#x648;&#x623;&#x639;&#x64A;&#x627;&#x646;&#x647;&#x627; &#x645;&#x646; &#x642;&#x636;&#x627;&#x629;&#x60C; &#x648;&#x623;&#x626;&#x645;&#x629; &#x645;&#x639;&#x631;&#x648;&#x641;&#x64A;&#x646;&#x60C; &#x648;&#x627;&#x644;&#x62A;&#x639;&#x631;&#x64A;&#x641; &#x628;&#x62C;&#x627;&#x645;&#x639;&#x629; &#x633;&#x646;&#x643;&#x631;&#x64A;&#x60C; &#x648;&#x639;&#x644;&#x645;&#x627;&#x621; &#x628;&#x627;&#x62F;&#x64A;&#x629; &#x62A;&#x646;&#x628;&#x643;&#x62A;&#x60C; &#x648;&#x628;&#x639;&#x636; &#x623;&#x639;&#x644;&#x627;&#x645; &#x642;&#x628;&#x64A;&#x644;&#x629; &#x643;&#x646;&#x62A;&#x629;. </subfield>
  </datafield>
  <datafield tag="650" ind1=" " ind2="7">
    <subfield code="a">&#x627;&#x644;&#x639;&#x644;&#x645;&#x627;&#x621; &#x627;&#x644;&#x633;&#x648;&#x62F;&#x627;&#x646;&#x64A;&#x648;&#x646;</subfield>
    <subfield code="v">&#x62A;&#x631;&#x627;&#x62C;&#x645;</subfield>
    <subfield code="2">aucsh</subfield>
  </datafield>
  <datafield tag="651" ind1=" " ind2="7">
    <subfield code="a">&#x62A;&#x645;&#x628;&#x643;&#x62A;&#x648; (&#x645;&#x627;&#x644;&#x64A;)</subfield>
    <subfield code="v">&#x62A;&#x631;&#x627;&#x62C;&#x645;</subfield>
    <subfield code="2">aucsh</subfield>
  </datafield>
  <datafield tag="651" ind1=" " ind2="7">
    <subfield code="a">&#x62A;&#x645;&#x628;&#x643;&#x62A;&#x648; (&#x645;&#x627;&#x644;&#x64A;)</subfield>
    <subfield code="x">&#x62A;&#x627;&#x631;&#x64A;&#x62E;</subfield>
    <subfield code="2">aucsh</subfield>
  </datafield>
  <datafield tag="700" ind1="1" ind2=" ">
    <subfield code="a">&#x627;&#x644;&#x62F;&#x627;&#x644;&#x64A;&#x60C; &#x627;&#x644;&#x647;&#x627;&#x62F;&#x64A; &#x627;&#x644;&#x645;&#x628;&#x631;&#x648;&#x643;</subfield>
    <subfield code="e">&#x645;&#x62D;&#x642;&#x642;.</subfield>
  </datafield>
  <datafield tag="700" ind1="1" ind2=" ">
    <subfield code="a">&#x627;&#x644;&#x647;&#x631;&#x627;&#x645;&#x629;&#x60C; &#x639;&#x628;&#x62F; &#x627;&#x644;&#x62D;&#x645;&#x64A;&#x62F; &#x639;&#x628;&#x62F; &#x627;&#x644;&#x644;&#x647;&#x60C;</subfield>
    <subfield code="d">1950-</subfield>
    <subfield code="e">&#x645;&#x642;&#x62F;&#x645;.</subfield>
  </datafield>
  <datafield tag="700" ind1="1" ind2="2">
    <subfield code="i">&#x62A;&#x62D;&#x642;&#x64A;&#x642; &#x644;&#x640; (&#x639;&#x645;&#x644;) :</subfield>
    <subfield code="a">&#x627;&#x644;&#x623;&#x631;&#x648;&#x627;&#x646;&#x64A;&#x60C; &#x623;&#x62D;&#x645;&#x62F; &#x628;&#x627;&#x628;&#x64A;&#x631;&#x60C;</subfield>
    <subfield code="d">&#x62A;&#x648;&#x641;&#x649; 1997.</subfield>
    <subfield code="t">&#x627;&#x644;&#x633;&#x639;&#x627;&#x62F;&#x629; &#x627;&#x644;&#x623;&#x628;&#x62F;&#x64A;&#x629; &#x641;&#x64A; &#x627;&#x644;&#x62A;&#x639;&#x631;&#x64A;&#x641; &#x628;&#x639;&#x644;&#x645;&#x627;&#x621; &#x62A;&#x646;&#x628;&#x643;&#x62A; &#x627;&#x644;&#x628;&#x647;&#x64A;&#x629;.</subfield>
  </datafield>
  <datafield tag="942" ind1=" " ind2=" ">
    <subfield code="2">ddc</subfield>
    <subfield code="c">BOOK</subfield>
    <subfield code="n">0</subfield>
  </datafield>
  <datafield tag="949" ind1=" " ind2=" ">
    <subfield code="a">SA-JeALM</subfield>
    <subfield code="d">251003</subfield>
    <subfield code="u">mohamedma123</subfield>
    <subfield code="n">1</subfield>
  </datafield>
  <datafield tag="952" ind1=" " ind2=" ">
    <subfield code="0">0</subfield>
    <subfield code="1">0</subfield>
    <subfield code="2">ddc</subfield>
    <subfield code="4">0</subfield>
    <subfield code="7">0</subfield>
    <subfield code="a">WAHAB</subfield>
    <subfield code="b">WAHAB</subfield>
    <subfield code="d">2025-10-14</subfield>
    <subfield code="l">0</subfield>
    <subfield code="o">920.06623  &#x627; &#x631; &#x648;</subfield>
    <subfield code="p">000020212</subfield>
    <subfield code="r">2025-10-14 07:04:51</subfield>
    <subfield code="w">2025-10-14</subfield>
    <subfield code="y">BOOK</subfield>
  </datafield>
  <datafield tag="999" ind1=" " ind2=" ">
    <subfield code="c">12529</subfield>
    <subfield code="d">12529</subfield>
  </datafield>
</record>
